000 00771nam a2200217Ia 4500
005 20241129111032.0
008 241129s9999||||xx |||||||||||||| ||und||
020 _a9789386534811
037 _aTB
040 _aCRL
_bhin
_cCRL
041 _ahin
_2hin
084 _aO152,3N161,MK:g Q9
_qCRL
100 _aहाड़ा, माधव, संपा.
245 0 _aकृति मूल्यांकन: मानस का हंस
_cहाड़ा, माधव, संपा.
260 _aदिल्ली, भारत
_bराजपाल एण्ड सन्ज़
_c2019
300 _a175पृ0
365 _aINR
_b255
650 _aHindi LiteratureFiction
_9726203
942 _cTB
_hO152,3N161,MK:g Q9
999 _c1228638
_d1228638